[Event "Medellin Castro Memorial 36th"]
[Site "Medellin"]
[Date "2019.08.11"]
[Round "8"]
[White "Prasca Sosa, Rafael Felipe"]
[Black "Gomez, Jhon D"]
[Result "0-1"]
[WhiteElo "2392"]
[BlackElo "2157"]
[PlyCount "108"]
[EventDate "2019.08.07"]
[EventType "swiss"]
[EventRounds "9"]
[EventCountry "COL"]
[SourceTitle "EXT 2020"]
[Source "ChessBase"]
[SourceDate "2019.10.17"]
[SourceVersion "1"]
[SourceVersionDate "2019.10.17"]
[SourceQuality "1"]

1. e4 c5 2. Nf3 d6 3. d4 cxd4 4. Nxd4 Nf6 5. Nc3 a6 6. Bg5 e6 7. f4 Qb6 8. a3 Nc6 9. Nb3 Qe3+ 10. Qe2 Qxe2+ 11. Bxe2 Be7 12. 0-0-0 h6 13. Bxf6 gxf6 14. Bh5 Rg8 15. g3 b5 16. f5 Kf8 17. Rhf1 Ra7 18. Ne2 Rg5 19. h4 Rg7 20. Rd3 Rc7 21. Rc3 Bd8 22. Rd3 Ke7 23. fxe6 Ne5 24. Rdd1 fxe6 25. Nbd4 Rc5 26. Nf4 Bb6 27. b4 Rc7 28. Nf5+ exf5 29. Nd5+ Kf8 30. Nxb6 Rxg3 31. Rxd6 Ke7 32. Rdd1 Bb7 33. exf5 Rxa3 34. Kb1 Be4 35. Rd2 Rac3 36. Rff2 R3c6 37. Nd5+ Bxd5 38. Rxd5 Rd6 39. Rxd6 Kxd6 40. Rd2+ Ke7 41. Be2 Rd7 42. Kc1 Rxd2 43. Kxd2 Kd6 44. Ke3 Nc6 45. c3 Ke5 46. Bf3 Ne7 47. Kd3 Nxf5 48. c4 Nd6 49. c5 Ne8 50. Bb7 Nc7 51. h5 Nd5 52. c6 Nxb4+ 53. Kc3 Nd5+ 54. Kb3 a5 0-1

[Event "Medellin Castro Memorial 36th"]
[Site "Medellin"]
[Date "2019.08.09"]
[Round "5"]
[White "Gomez, Jhon D"]
[Black "Garnier, Rene Augusto"]
[Result "1/2-1/2"]
[WhiteElo "2157"]
[BlackElo "2203"]
[PlyCount "23"]
[EventDate "2019.08.07"]
[EventType "swiss"]
[EventRounds "9"]
[EventCountry "COL"]
[SourceTitle "EXT 2020"]
[Source "ChessBase"]
[SourceDate "2019.10.17"]
[SourceVersion "1"]
[SourceVersionDate "2019.10.17"]
[SourceQuality "1"]

1. c4 g6 2. g3 Bg7 3. Bg2 Nf6 4. Nc3 0-0 5. Nf3 d5 6. cxd5 Nxd5 7. 0-0 e5 8. Nxd5 Qxd5 9. d3 Nc6 10. Be3 Qb5 11. Rb1 Be6 12. b3 1/2-1/2

[Event "Medellin Castro Memorial 36th"]
[Site "Medellin"]
[Date "2019.08.08"]
[Round "3"]
[White "Gomez, Jhon D"]
[Black "Llano Buritica, Eduardo Alejandro"]
[Result "1-0"]
[WhiteElo "2157"]
[BlackElo "1893"]
[PlyCount "43"]
[EventDate "2019.08.07"]
[EventType "swiss"]
[EventRounds "9"]
[EventCountry "COL"]
[SourceTitle "EXT 2020"]
[Source "ChessBase"]
[SourceDate "2019.10.17"]
[SourceVersion "1"]
[SourceVersionDate "2019.10.17"]
[SourceQuality "1"]

1. c4 Nf6 2. Nc3 e6 3. Nf3 d5 4. e3 Be7 5. Be2 0-0 6. 0-0 c5 7. d4 cxd4 8. exd4 Nc6 9. Re1 a6 10. Ne5 dxc4 11. Nxc6 bxc6 12. Bxc4 c5 13. Qf3 Rb8 14. d5 exd5 15. Nxd5 Nxd5 16. Bxd5 Bf6 17. Be3 Bg4 18. Bxf7+ Rxf7 19. Qxg4 Qa5 20. Qc4 Rxb2 21. Bxc5 Qb5 22. Qxb5 1-0

[Event "Medellin Castro Memorial 36th"]
[Site "Medellin"]
[Date "2019.08.07"]
[Round "1"]
[White "Gomez, Jhon D"]
[Black "Leon Acevedo, Juan Alejandro"]
[Result "1-0"]
[WhiteElo "2157"]
[BlackElo "1866"]
[PlyCount "55"]
[EventDate "2019.08.07"]
[EventType "swiss"]
[EventRounds "9"]
[EventCountry "COL"]
[SourceTitle "EXT 2020"]
[Source "ChessBase"]
[SourceDate "2019.10.17"]
[SourceVersion "1"]
[SourceVersionDate "2019.10.17"]
[SourceQuality "1"]

1. d4 Nf6 2. Nf3 g6 3. Nbd2 d5 4. c4 c6 5. e3 Bg7 6. Be2 0-0 7. 0-0 b6 8. cxd5 cxd5 9. b3 Bb7 10. Ne5 Nc6 11. f4 Rc8 12. Ba3 Nd7 13. Bd3 Ndxe5 14. fxe5 f6 15. exf6 Bxf6 16. Qg4 Kg7 17. h4 Qe8 18. h5 Rg8 19. Nf3 Rc7 20. hxg6 hxg6 21. Qg3 Rd7 22. Ne5 Bxe5 23. dxe5 Nd8 24. e6 Rd6 25. Qe5+ Kh7 26. Rf3 Rg7 27. Rh3+ Kg8 28. Qh2 1-0

[Event "Medellin Aristizabal Cup"]
[Site "Medellin"]
[Date "2018.07.07"]
[Round "5"]
[White "Gomez, Jhon D"]
[Black "Blandon, Luis Guillermo"]
[Result "0-1"]
[WhiteElo "2060"]
[BlackElo "2227"]
[PlyCount "54"]
[EventDate "2018.07.04"]
[EventType "swiss"]
[EventRounds "7"]
[EventCountry "COL"]
[SourceTitle "CBM 185 Extra"]
[Source "ChessBase"]
[SourceDate "2018.07.29"]
[SourceVersion "1"]
[SourceVersionDate "2018.07.29"]
[SourceQuality "1"]

1. e4 c5 2. Nc3 Nc6 3. g3 g6 4. Bg2 Bg7 5. d3 d6 6. f4 e6 7. Nf3 Nge7 8. Be3 Nd4 9. 0-0 Nec6 10. Bf2 0-0 11. e5 dxe5 12. fxe5 Nxe5 13. Nxe5 Bxe5 14. Ne4 f5 15. Nxc5 Qd6 16. Na4 f4 17. gxf4 Bxf4 18. h3 e5 19. c3 Ne6 20. Qb3 Kh8 21. Qd5 Qc7 22. Bh4 Bd7 23. Rae1 b5 24. Rxf4 Nxf4 25. Qxa8 Rxa8 26. Bf6+ Kg8 27. Bxa8 bxa4 0-1

[Event "Medellin Aristizabal Cup"]
[Site "Medellin"]
[Date "2018.07.05"]
[Round "2"]
[White "Giraldo Alvarez, Simon"]
[Black "Gomez, Jhon D"]
[Result "0-1"]
[WhiteElo "1393"]
[BlackElo "2060"]
[PlyCount "40"]
[EventDate "2018.07.04"]
[EventType "swiss"]
[EventRounds "7"]
[EventCountry "COL"]
[SourceTitle "CBM 185 Extra"]
[Source "ChessBase"]
[SourceDate "2018.07.29"]
[SourceVersion "1"]
[SourceVersionDate "2018.07.29"]
[SourceQuality "1"]

1. e4 c5 2. Nf3 d6 3. d4 cxd4 4. Nxd4 Nf6 5. Nc3 a6 6. Be3 e5 7. Nb3 Be7 8. f3 0-0 9. Bc4 Qc7 10. Bd5 Be6 11. Qd2 Nbd7 12. 0-0-0 Rac8 13. g4 b5 14. a3 Nb6 15. h4 Bxd5 16. Bxb6 Qxb6 17. Nxd5 Nxd5 18. Qxd5 Qf2 19. Qd3 Bxh4 20. Rd2 Bg5 0-1

[Event "Medellin Conconcreto op"]
[Site "Medellin"]
[Date "2018.01.28"]
[Round "7"]
[White "Moncada Correa, Sara"]
[Black "Gomez, Jhon D"]
[Result "0-1"]
[WhiteElo "1543"]
[BlackElo "2052"]
[PlyCount "32"]
[EventDate "2018.01.24"]
[EventType "swiss"]
[EventRounds "7"]
[EventCountry "COL"]
[SourceTitle "CBM 182 Extra"]
[Source "ChessBase"]
[SourceDate "2018.02.23"]
[SourceVersion "1"]
[SourceVersionDate "2018.02.23"]
[SourceQuality "1"]

1. d4 Nf6 2. c4 e5 3. d5 Bc5 4. Nc3 0-0 5. e4 d6 6. g3 Bb4 7. Bg2 Bxc3+ 8. bxc3 b6 9. Ne2 a5 10. 0-0 Ba6 11. Qb3 Nbd7 12. Be3 Nc5 13. Bxc5 bxc5 14. f4 exf4 15. Rxf4 Nd7 16. h3 Ne5 0-1

[Event "Medellin Conconcreto op"]
[Site "Medellin"]
[Date "2018.01.27"]
[Round "4"]
[White "Gomez, Jhon D"]
[Black "Blandon, Luis Guillermo"]
[Result "1/2-1/2"]
[WhiteElo "2052"]
[BlackElo "2260"]
[PlyCount "73"]
[EventDate "2018.01.24"]
[EventType "swiss"]
[EventRounds "7"]
[EventCountry "COL"]
[SourceTitle "CBM 182 Extra"]
[Source "ChessBase"]
[SourceDate "2018.02.23"]
[SourceVersion "1"]
[SourceVersionDate "2018.02.23"]
[SourceQuality "1"]

1. d4 g6 2. c4 Bg7 3. Nc3 d6 4. e4 Nf6 5. f3 0-0 6. Be3 c5 7. dxc5 dxc5 8. Qxd8 Rxd8 9. Nge2 Nc6 10. Rd1 Rxd1+ 11. Kxd1 b6 12. Nf4 Ba6 13. Be2 Rd8+ 14. Kc2 Nd4+ 15. Bxd4 Rxd4 16. b3 e6 17. Rd1 Nd7 18. Nd3 g5 19. Bf1 Ne5 20. Nxe5 Rxd1 21. Nxd1 Bxe5 22. h3 Kg7 23. Kd2 Bg3 24. Nc3 Bb7 25. Ne2 Be5 26. Ke3 f5 27. exf5 exf5 28. f4 gxf4+ 29. Nxf4 Be4 30. Nd5 Bb1 31. Kd2 Be4 32. Bd3 Bxg2 33. Bxf5 h5 34. Ke3 Kh6 35. Kf2 Bh1 36. Kg1 Kg5 37. Bh7 1/2-1/2

[Event "Medellin Conconcreto op"]
[Site "Medellin"]
[Date "2018.01.26"]
[Round "3"]
[White "Llano Buritica, Eduardo Alejandro"]
[Black "Gomez, Jhon D"]
[Result "0-1"]
[WhiteElo "1805"]
[BlackElo "2052"]
[PlyCount "56"]
[EventDate "2018.01.24"]
[EventType "swiss"]
[EventRounds "7"]
[EventCountry "COL"]
[SourceTitle "CBM 182 Extra"]
[Source "ChessBase"]
[SourceDate "2018.02.23"]
[SourceVersion "1"]
[SourceVersionDate "2018.02.23"]
[SourceQuality "1"]

1. d4 e6 2. Nf3 c5 3. c3 Nf6 4. Bf4 cxd4 5. cxd4 Qb6 6. Nbd2 d5 7. e3 Bd6 8. Ne5 Bxe5 9. dxe5 Nfd7 10. Qc2 Nc6 11. Rc1 Ndxe5 12. Bxe5 Nxe5 13. Qxc8+ Rxc8 14. Rxc8+ Ke7 15. Rxh8 Qxb2 16. Rb8 Qc1+ 17. Ke2 Qc7 18. Rh8 Qc2 19. Ke1 Qc1+ 20. Ke2 Qb2 21. Kd1 Qa1+ 22. Kc2 Qxa2+ 23. Kc3 Qa1+ 24. Kc2 Nc6 25. Nb1 Qa2+ 26. Kc1 Qxf2 27. Bb5 Qxe3+ 28. Kb2 Qb6 0-1

[Event "Medellin Luces Cup"]
[Site "Medellin"]
[Date "2017.12.20"]
[Round "5"]
[White "Arango, Andres Mauricio"]
[Black "Gomez, Jhon D"]
[Result "1/2-1/2"]
[WhiteElo "2075"]
[BlackElo "2021"]
[PlyCount "66"]
[EventDate "2017.12.18"]
[EventType "swiss"]
[EventRounds "7"]
[EventCountry "COL"]
[SourceTitle "CBM 182 Extra"]
[Source "ChessBase"]
[SourceDate "2018.02.23"]
[SourceVersion "1"]
[SourceVersionDate "2018.02.23"]
[SourceQuality "1"]

1. e4 c5 2. Nf3 d6 3. d4 cxd4 4. Nxd4 Nf6 5. Nc3 a6 6. Be2 e6 7. g4 h6 8. f4 d5 9. e5 Ne4 10. Nxe4 dxe4 11. Be3 Be7 12. 0-0 Qc7 13. c3 Nc6 14. Qb1 Nxd4 15. cxd4 Bd7 16. Qxe4 Bc6 17. Qc2 Qd7 18. Rac1 0-0 19. f5 Bg5 20. Qd2 Bxe3+ 21. Qxe3 Rad8 22. Rcd1 exf5 23. gxf5 Qd5 24. Bf3 Qxa2 25. f6 Qe6 26. Bxc6 bxc6 27. fxg7 Rfe8 28. Qg3 Qg6 29. Rf6 Qxg3+ 30. hxg3 Rxe5 31. Rxh6 Kxg7 32. Rxc6 Re2 33. d5 Rxb2 1/2-1/2

[Event "Medellin Luces Cup"]
[Site "Medellin"]
[Date "2017.12.19"]
[Round "3"]
[White "Gomez, Jhon D"]
[Black "Valle, Efrain"]
[Result "1-0"]
[WhiteElo "2021"]
[BlackElo "2122"]
[PlyCount "87"]
[EventDate "2017.12.18"]
[EventType "swiss"]
[EventRounds "7"]
[EventCountry "COL"]
[SourceTitle "CBM 182 Extra"]
[Source "ChessBase"]
[SourceDate "2018.02.23"]
[SourceVersion "1"]
[SourceVersionDate "2018.02.23"]
[SourceQuality "1"]

1. c4 Nf6 2. Nf3 e6 3. g3 c5 4. Bg2 Be7 5. 0-0 0-0 6. d4 cxd4 7. Nxd4 a6 8. Nc3 Nc6 9. b3 Qa5 10. Bb2 Ba3 11. Bxa3 Qxa3 12. Qd2 Qc5 13. Rfd1 Rb8 14. Rac1 Rd8 15. Nxc6 bxc6 16. Na4 Qb4 17. Qxb4 Rxb4 18. Bxc6 Kf8 19. Bf3 Ke7 20. c5 e5 21. e3 e4 22. Be2 Rb8 23. Rd4 Bb7 24. b4 h5 25. h3 Rbc8 26. Rcd1 Rc6 27. Nc3 d5 28. Nxd5+ Rxd5 29. Rxd5 Nxd5 30. Rxd5 Rc8 31. Rd1 a5 32. a3 g6 33. h4 axb4 34. axb4 Ra8 35. b5 Ra2 36. Kf1 Rc2 37. c6 Bc8 38. Ke1 f6 39. Ra1 Kd6 40. Ra8 Be6 41. Rf8 Ke7 42. Rb8 Kd6 43. Rd8+ Ke5 44. b6 1-0

[Event "Medellin Aristizabal Cup"]
[Site "Medellin"]
[Date "2017.09.10"]
[Round "6"]
[White "Gomez, Jhon D"]
[Black "Soto, Miguel Angel"]
[Result "1-0"]
[WhiteElo "1937"]
[BlackElo "2192"]
[PlyCount "101"]
[EventDate "2017.09.06"]
[EventType "swiss"]
[EventRounds "7"]
[EventCountry "COL"]
[SourceTitle "CBM 180 Extra"]
[Source "ChessBase"]
[SourceDate "2017.10.06"]
[SourceVersion "1"]
[SourceVersionDate "2017.10.06"]
[SourceQuality "1"]

1. c4 Nf6 2. g3 g6 3. Bg2 Bg7 4. Nf3 0-0 5. 0-0 d6 6. Nc3 c6 7. Rb1 Bf5 8. d3 Qd7 9. Re1 e5 10. e4 Bg4 11. Be3 Qc7 12. h3 Bxf3 13. Bxf3 Nbd7 14. Kh2 Rfe8 15. Bg2 Nf8 16. Rc1 Qa5 17. Qd2 a6 18. b4 Qd8 19. Rb1 Ne6 20. a4 Nd7 21. Red1 a5 22. b5 c5 23. Nd5 Nf6 24. b6 Nxd5 25. cxd5 Nd4 26. Bxd4 exd4 27. Rb5 Ra6 28. Rdb1 Qa8 29. h4 h5 30. Bh3 c4 31. dxc4 Rxe4 32. Bg2 Re7 33. c5 dxc5 34. Rxc5 Qd8 35. Qg5 Qd6 36. Rc8+ Kh7 37. Bf1 Bh6 38. Rh8+ Kxh8 39. Qxh6+ Kg8 40. Bxa6 bxa6 41. b7 Re8 42. Qf4 Qxf4 43. gxf4 Rb8 44. Kg3 Kf8 45. Kf3 f5 46. Ke2 Ke7 47. Kd3 Kd7 48. Kxd4 Kc7 49. Kc5 Rxb7 50. Rxb7+ Kxb7 51. d6 1-0

[Event "Medellin Aristizabal Cup"]
[Site "Medellin"]
[Date "2017.09.09"]
[Round "4"]
[White "Gomez, Jhon D"]
[Black "Restrepo, Hugo"]
[Result "1-0"]
[WhiteElo "1937"]
[BlackElo "1743"]
[PlyCount "53"]
[EventDate "2017.09.06"]
[EventType "swiss"]
[EventRounds "7"]
[EventCountry "COL"]
[SourceTitle "CBM 180 Extra"]
[Source "ChessBase"]
[SourceDate "2017.10.06"]
[SourceVersion "1"]
[SourceVersionDate "2017.10.06"]
[SourceQuality "1"]

1. c4 e5 2. Nc3 Nc6 3. g3 Bc5 4. Bg2 Nf6 5. e3 d6 6. Nge2 0-0 7. 0-0 a5 8. a3 Be6 9. d4 Bxc4 10. dxc5 dxc5 11. Qa4 Bd3 12. Qh4 c4 13. Re1 Ne7 14. e4 c6 15. Bg5 Ng6 16. Bxf6 gxf6 17. Qh6 Qb6 18. h4 Rfe8 19. h5 Nf8 20. Bh3 Qd8 21. Bf5 Qe7 22. Nd1 Rad8 23. Ne3 Rd6 24. Bxh7+ Nxh7 25. Nf5 Qf8 26. Qxf8+ Kxf8 27. Nxd6 1-0

[Event "Medellin Aristizabal Cup"]
[Site "Medellin"]
[Date "2017.09.06"]
[Round "1"]
[White "Gomez Rondon, Samuel"]
[Black "Gomez, Jhon D"]
[Result "0-1"]
[WhiteElo "1488"]
[BlackElo "1937"]
[PlyCount "76"]
[EventDate "2017.09.06"]
[EventType "swiss"]
[EventRounds "7"]
[EventCountry "COL"]
[SourceTitle "CBM 180 Extra"]
[Source "ChessBase"]
[SourceDate "2017.10.06"]
[SourceVersion "1"]
[SourceVersionDate "2017.10.06"]
[SourceQuality "1"]

1. e4 c5 2. Nf3 d6 3. d4 cxd4 4. Nxd4 Nf6 5. Nc3 a6 6. Bg5 e6 7. f4 Be7 8. Qf3 Qc7 9. 0-0-0 Nbd7 10. Be2 h6 11. Bh4 g5 12. fxg5 Ne5 13. Qf2 hxg5 14. Bxg5 Nfg4 15. Qf4 Bxg5 16. Qxg5 Qe7 17. Qg7 Qf6 18. Qxf6 Nxf6 19. Nf3 Bd7 20. Rxd6 Ng6 21. g3 Bc6 22. Re1 Ke7 23. Rd4 Ng4 24. h4 Rag8 25. Ng5 N4e5 26. Nf3 Nxf3 27. Bxf3 Ne5 28. Bd1 Rxg3 29. h5 Rg5 30. Na4 f6 31. Rb4 Rc8 32. Nb6 Rd8 33. Rh1 a5 34. Rb3 Bxe4 35. Re1 Bc6 36. Ra3 Rd4 37. Rxa5 Nd3+ 38. cxd3 Rxa5 0-1

[Event "Medellin Flores op 24th"]
[Site "Medellin"]
[Date "2017.08.05"]
[Round "5"]
[White "Castaneda Jimenez, Jhon David"]
[Black "Gomez, Jhon D"]
[Result "1/2-1/2"]
[WhiteElo "2173"]
[BlackElo "1797"]
[PlyCount "99"]
[EventDate "2017.08.03"]
[EventType "swiss"]
[EventRounds "9"]
[EventCountry "COL"]
[SourceTitle "CBM 179 Extra"]
[Source "ChessBase"]
[SourceDate "2017.08.23"]
[SourceVersion "1"]
[SourceVersionDate "2017.08.23"]
[SourceQuality "1"]

1. Nf3 Nf6 2. d4 g6 3. Bg5 Ne4 4. Bh4 Bg7 5. e3 d5 6. Nbd2 Nd6 7. c4 dxc4 8. Nxc4 0-0 9. Rc1 Nf5 10. Bg5 c6 11. Bd3 Na6 12. Ncd2 Nc7 13. Bf4 Nd5 14. Be5 Bxe5 15. Nxe5 Nf6 16. 0-0 Be6 17. Nb3 Bxb3 18. Qxb3 Nd6 19. Rfd1 Rb8 20. Bf1 Qb6 21. Qc2 Rfd8 22. Rd3 a6 23. Rb3 Qa7 24. Qe2 Rbc8 25. Nd3 Nd7 26. Rbc3 Ne4 27. R3c2 Qb8 28. f3 Nd6 29. Qf2 Re8 30. Ne5 Rcd8 31. f4 f6 32. Nf3 e5 33. fxe5 fxe5 34. Ng5 Re7 35. Bd3 exd4 36. exd4 Rf8 37. Nf3 Nf6 38. Qh4 Qd8 39. Re1 Rxe1+ 40. Qxe1 Re8 41. Re2 Kg7 42. Re5 Nf7 43. Rxe8 Qxe8 44. Qxe8 Nxe8 45. Kf2 Kf6 46. Ke3 Ned6 47. g4 Nb5 48. h4 h6 49. Nd2 Nfd6 50. Nb3 1/2-1/2

[Event "Medellin Flores op 23rd"]
[Site "Medellin"]
[Date "2016.08.06"]
[Round "7"]
[White "Arango, Andres Mauricio"]
[Black "Gomez, Jhon D"]
[Result "1/2-1/2"]
[WhiteElo "2069"]
[BlackElo "1708"]
[PlyCount "86"]
[EventDate "2016.08.03"]
[EventType "swiss"]
[EventRounds "9"]
[EventCountry "COL"]
[SourceTitle "CBM 173 Extra"]
[Source "ChessBase"]
[SourceDate "2016.08.29"]
[SourceVersion "1"]
[SourceVersionDate "2016.08.29"]
[SourceQuality "1"]

1. e4 c5 2. Nf3 d6 3. d4 cxd4 4. Nxd4 Nf6 5. Nc3 a6 6. Bc4 e6 7. Bb3 Nbd7 8. 0-0 Nc5 9. f4 Nxb3 10. axb3 Be7 11. e5 dxe5 12. fxe5 Bc5 13. Be3 Nd5 14. Qf3 0-0 15. Bf2 Nxc3 16. bxc3 Qc7 17. Qg3 f5 18. exf6 Qxg3 19. f7+ Rxf7 20. Bxg3 Bd7 21. Rxf7 Kxf7 22. Rf1+ Kg8 23. b4 Be7 24. Be5 Rc8 25. Rf3 b6 26. Rd3 Bf8 27. Nf5 exf5 28. Rxd7 Rc6 29. Kf2 Re6 30. Bd4 b5 31. h4 Be7 32. g3 f4 33. gxf4 Bxh4+ 34. Kf3 Bf6 35. Rc7 h5 36. f5 Rd6 37. Bxf6 Rxf6 38. Kf4 h4 39. c4 Rh6 40. cxb5 h3 41. b6 Rxb6 42. Kg3 Rxb4 43. Kxh3 Rf4 1/2-1/2

[Event "Medellin Flores op 23rd"]
[Site "Medellin"]
[Date "2016.08.05"]
[Round "4"]
[White "Gomez, Jhon D"]
[Black "Arboleda Orozco, Juan M"]
[Result "0-1"]
[WhiteElo "1708"]
[BlackElo "1976"]
[PlyCount "48"]
[EventDate "2016.08.03"]
[EventType "swiss"]
[EventRounds "9"]
[EventCountry "COL"]
[SourceTitle "CBM 173 Extra"]
[Source "ChessBase"]
[SourceDate "2016.08.29"]
[SourceVersion "1"]
[SourceVersionDate "2016.08.29"]
[SourceQuality "1"]

1. d4 Nf6 2. Nf3 g6 3. g3 Bg7 4. Bg2 0-0 5. 0-0 d6 6. c4 Nbd7 7. Nc3 e5 8. Qc2 Re8 9. Rd1 c6 10. dxe5 dxe5 11. b3 Qa5 12. Bd2 Qc7 13. Bc1 Bf8 14. Ng5 Nc5 15. b4 Ne6 16. Nce4 Be7 17. Nxf6+ Bxf6 18. Ne4 Be7 19. c5 Nd4 20. Qb2 Rd8 21. Bg5 Bxg5 22. Nxg5 Bg4 23. Rd2 Bf5 24. Re1 Qe7 0-1

[Event "Medellin Flores op 23rd"]
[Site "Medellin"]
[Date "2016.08.04"]
[Round "3"]
[White "Munoz Monroy, Cinthya Carolina"]
[Black "Gomez, Jhon D"]
[Result "1/2-1/2"]
[WhiteElo "1930"]
[BlackElo "1708"]
[PlyCount "85"]
[EventDate "2016.08.03"]
[EventType "swiss"]
[EventRounds "9"]
[EventCountry "COL"]
[SourceTitle "CBM 173 Extra"]
[Source "ChessBase"]
[SourceDate "2016.08.29"]
[SourceVersion "1"]
[SourceVersionDate "2016.08.29"]
[SourceQuality "1"]

1. e4 c5 2. Nf3 d6 3. d4 cxd4 4. Nxd4 Nf6 5. Nc3 a6 6. Bg5 e6 7. f4 h6 8. Bh4 Nbd7 9. Qf3 Qc7 10. 0-0-0 Be7 11. Bd3 g5 12. fxg5 Ne5 13. Qe2 Nfg4 14. h3 hxg5 15. Bg3 Nf6 16. Rhf1 Nh5 17. Bh2 Bd7 18. Kb1 0-0-0 19. Nf5 Bf8 20. Ne3 Bc6 21. Nc4 Bg7 22. Qe3 Nxc4 23. Bxc4 Be8 24. Qd3 Be5 25. Bxe5 dxe5 26. Qxd8+ Qxd8 27. Rxd8+ Kxd8 28. Ne2 Ke7 29. Rd1 Bc6 30. Bd3 Nf6 31. Ng3 Rh4 32. Re1 g4 33. hxg4 Nxg4 34. Re2 Kf6 35. b3 Kg5 36. Re1 Rh2 37. Re2 Kf4 38. Nf1 Rh1 39. Re1 Nh2 40. g3+ Kg5 41. Kb2 f6 42. Nxh2 Rxh2 43. Re3 1/2-1/2